Ekonómia obrany v globalizovanom svete

Ekonómia a ekonomika obrany. Ontologická problematika obrany a bezpečnosti. Postupy a metódy ekonómie obrany.

Na minha lista:
Detalhes bibliográficos
Autor principal: Andrášik, Ladislav
Formato: Capítulo de Livro
Idioma:eslovaco
Assuntos:
Tags: Adicionar Tag
Sem tags, seja o primeiro a adicionar uma tag!

MARC

LEADER 00000naa a2200000 4500
001 0242150
005 20221104111234.2
041 0 |a slo 
044 |a SK 
245 1 0 |a Ekonómia obrany v globalizovanom svete  |c Ladislav Andrášik 
520 |a Ekonómia a ekonomika obrany. Ontologická problematika obrany a bezpečnosti. Postupy a metódy ekonómie obrany. 
610 2 0 |a vojenstvo 
610 2 0 |a ekonómia 
610 2 0 |a obrana štátu 
610 2 0 |a politika bezpečnostná 
100 1 |a Andrášik, Ladislav